00488nam a2200193 4500003000900000005001700009008004100026020000800067040001300075041001200088082002000100100001300120245005800133250001500191260003000206300001500236650003100251700001200282SEACOMEC20250924152557.0250924b |||||||| |||| 00| 0 eng d c240 aSEACOMEC aEnglish a510.02462bP153 aPal, B.K aEngineering Mathematics.- Vol-3 CcB.K. Pal & K. Das  a3rd rev ed aKolkatabU. N. Dhurc2010 a Vol- 3 C aMathematics - Engineering  aDas, K